000 00635nam a22001937a 4500
999 _c182576
_d182576
005 20211123123131.0
010 _aUR-11342
020 _c156.00
_a9789390533732
035 _aU-9897
037 _bDBAD/PUB
082 _a841
100 _aشميم ہا شمی
245 _aنو ا ۓ سر و ش (کليا ت مہجو ر شمسی )
_cشميم ہا شمی
246 _aNawa-e-Sarosh Urdu)
_bby Shamim Hashmi
260 _aN.Delhi
_c2020 ء
_bEducational Publishing House
270 _aD1/16,Ansari Road,Darya Ganj,
_bNew Delhi
_e110002
_l -
300 _a250 ص
_c22 Cm(Hb)
942 _2ddc
_cUR
_h841
_mہ ا ش